[Event "ARG-ch Seniors 65"]
[Site "Termas de Rio Hondo"]
[Date "2017.04.22"]
[Round "6"]
[White "Belmonte, Diego Jose"]
[Black "Pingas, Blas Mariano"]
[Result "1/2-1/2"]
[WhiteElo "1914"]
[BlackElo "2285"]
[PlyCount "123"]
[EventDate "2017.04.19"]
[EventType "swiss"]
[EventRounds "7"]
[EventCountry "ARG"]
[SourceTitle "EXT 2024"]
[Source "ChessBase"]
[SourceDate "2023.10.10"]
[SourceVersion "1"]
[SourceVersionDate "2023.10.10"]
[SourceQuality "1"]

1. e4 d5 2. exd5 Qxd5 3. Nc3 Qd6 4. d4 c6 5. Nf3 Nf6 6. Be2 Bg4 7. 0-0 Bxf3 8. Bxf3 e6 9. Re1 Be7 10. Bg5 0-0 11. Qd2 Rd8 12. Rad1 Qc7 13. Qe3 Nbd7 14. a3 Re8 15. Bf4 Bd6 16. Be5 Bxe5 17. dxe5 Nd5 18. Qd4 Rad8 19. Bxd5 exd5 20. f4 Qb6 21. Qxb6 axb6 22. a4 g6 23. Kf2 f6 24. exf6 Nxf6 25. Kf3 Kf7 26. b3 Rf8 27. Re5 Rd7 28. Rde1 h5 29. g3 Re8 30. Rxe8 Nxe8 31. h3 Nd6 32. g4 hxg4+ 33. hxg4 Rd8 34. Rh1 Kg7 35. Re1 Rh8 36. Kg3 Kf7 37. Kg2 Ne8 38. Kg3 Nf6 39. Rg1 Re8 40. Kf3 d4 41. Nd1 Rh8 42. Nf2 Re8 43. Nd1 Nd5 44. Rh1 Kg7 45. f5 gxf5 46. gxf5 Kf6 47. Rh5 Re5 48. Kg4 Re2 49. Kf3 Re1 50. Nf2 Rf1 51. Ke2 Nf4+ 52. Kxf1 Nxh5 53. Ne4+ Ke5 54. Nd2 Ng3+ 55. Ke1 Nxf5 56. Nc4+ Ke4 57. Nxb6 d3 58. Kd2 dxc2 59. Kxc2 Kd4 60. b4 c5 61. Kb3 cxb4 62. Kxb4 1/2-1/2

[Event "Maravilhosa-ch op"]
[Site "Maravilhosa"]
[Date "2016.01.23"]
[Round "4"]
[White "Rodrigues, Nei Jorge"]
[Black "Pingas, Blas Mariano"]
[Result "0-1"]
[WhiteElo "2028"]
[BlackElo "2285"]
[PlyCount "86"]
[EventDate "2016.01.22"]
[EventType "swiss"]
[EventRounds "6"]
[EventCountry "BRA"]
[SourceTitle "CBM 170 Extra"]
[Source "ChessBase"]
[SourceDate "2016.02.25"]
[SourceVersion "1"]
[SourceVersionDate "2016.02.25"]
[SourceQuality "1"]

1. d4 Nf6 2. Nf3 b6 3. e3 Bb7 4. Be2 g6 5. 0-0 Bg7 6. c4 0-0 7. b3 c5 8. Bb2 cxd4 9. Nxd4 d5 10. cxd5 Nxd5 11. Bf3 Qd7 12. Nc3 Nxc3 13. Bxc3 Na6 14. Bxb7 Qxb7 15. Qe2 Nc5 16. Rac1 Rac8 17. Rfd1 a6 18. Bb2 Rfd8 19. h3 Qe4 20. f3 Qb7 21. Ba3 Bf8 22. Nc2 e6 23. Rd4 e5 24. Rxd8 Rxd8 25. Rd1 Rd5 26. Bb2 a5 27. e4 Rxd1+ 28. Qxd1 Nd7 29. Ba3 Qc6 30. Kh2 Kg7 31. Bxf8+ Nxf8 32. Ne3 Qc5 33. Nc4 a4 34. Qa1 f5 35. Qd1 b5 36. Nb2 Qf2 37. Qb1 axb3 38. axb3 Ne6 39. Nd3 Qd2 40. b4 h5 41. h4 Nd4 42. Kh3 Nc2 43. Nc5 Ne1 0-1

[Event "Natal Nordeste"]
[Site "Natal"]
[Date "2013.09.04"]
[Round "8"]
[White "Pingas, Blas Mariano"]
[Black "Pinto, Carlos Henrique Lop"]
[Result "0-1"]
[WhiteElo "2259"]
[BlackElo "2075"]
[PlyCount "102"]
[EventDate "2013.08.28"]
[EventType "tourn"]
[EventRounds "9"]
[EventCountry "BRA"]
[SourceTitle "CBM 156 Extra"]
[Source "ChessBase"]
[SourceDate "2013.10.22"]
[SourceVersion "1"]
[SourceVersionDate "2013.10.22"]
[SourceQuality "1"]

1. c4 Nf6 2. g3 g6 3. Bg2 Bg7 4. Nf3 0-0 5. Nc3 d6 6. d3 Nbd7 7. 0-0 e5 8. Rb1 a5 9. a3 Re8 10. Ne1 Nf8 11. Bg5 h6 12. Bxf6 Bxf6 13. b4 axb4 14. axb4 Bg7 15. b5 Ne6 16. Nc2 Nc5 17. Ne3 f5 18. Ned5 Rb8 19. Na4 Ne6 20. Qd2 Bd7 21. Rfe1 Ra8 22. Nac3 Rf8 23. Nb4 Nc5 24. Qc2 Kh7 25. Nbd5 h5 26. e3 h4 27. f4 hxg3 28. hxg3 Rf7 29. Ra1 Rb8 30. Ra2 c6 31. Nb4 Qe8 32. Kf2 Re7 33. Rh1+ Kg8 34. Nd1 cxb5 35. Nd5 Rf7 36. Nc7 Qd8 37. Nxb5 Bxb5 38. cxb5 Rc8 39. Qb1 d5 40. Kf1 exf4 41. e4 Nxe4 42. Bxe4 fxe4 43. gxf4 Rfc7 44. Qb3 Rc1 45. Kg2 Qd7 46. Kg3 g5 47. fxg5 Qf5 48. Rh4 Qf3+ 49. Kh2 Rxd1 50. Qxd5+ Qf7 51. Qxe4 Qxa2+ 0-1

[Event "Natal Nordeste"]
[Site "Natal"]
[Date "2013.09.03"]
[Round "7"]
[White "Brito, Luismar Jorge"]
[Black "Pingas, Blas Mariano"]
[Result "1/2-1/2"]
[WhiteElo "2282"]
[BlackElo "2259"]
[PlyCount "69"]
[EventDate "2013.08.28"]
[EventType "tourn"]
[EventRounds "9"]
[EventCountry "BRA"]
[SourceTitle "CBM 156 Extra"]
[Source "ChessBase"]
[SourceDate "2013.10.22"]
[SourceVersion "1"]
[SourceVersionDate "2013.10.22"]
[SourceQuality "1"]

1. Nc3 c5 2. Nf3 a6 3. a4 g6 4. d4 cxd4 5. Qxd4 Nf6 6. Qh4 Bg7 7. e4 d6 8. Bc4 Nc6 9. Bh6 0-0 10. 0-0-0 b5 11. Bxg7 Kxg7 12. e5 Nxe5 13. Nxe5 bxc4 14. Nxc4 Be6 15. Ne3 Qa5 16. Rhe1 Rab8 17. f3 Rb4 18. g4 Rfb8 19. Rd3 Rxb2 20. g5 Nh5 21. Ned1 R2b4 22. Rd4 Kg8 23. Ree4 Rxd4 24. Rxd4 Ng7 25. Qf4 Qc5 26. h4 Nf5 27. Re4 a5 28. Kd2 Rb4 29. Ne3 Rd4+ 30. Rxd4 Nxd4 31. Qe4 Qe5 32. Kd3 Qxe4+ 33. Kxe4 Nc6 34. f4 Kf8 35. Kd3 1/2-1/2

[Event "Natal Nordeste"]
[Site "Natal"]
[Date "2013.09.02"]
[Round "5"]
[White "Macedo, Maximo Iack Miranda"]
[Black "Pingas, Blas Mariano"]
[Result "1/2-1/2"]
[WhiteElo "2368"]
[BlackElo "2259"]
[PlyCount "96"]
[EventDate "2013.08.28"]
[EventType "tourn"]
[EventRounds "9"]
[EventCountry "BRA"]
[SourceTitle "CBM 156 Extra"]
[Source "ChessBase"]
[SourceDate "2013.10.22"]
[SourceVersion "1"]
[SourceVersionDate "2013.10.22"]
[SourceQuality "1"]

1. d4 Nf6 2. c4 e6 3. Nc3 d5 4. cxd5 exd5 5. Bg5 Be7 6. e3 h6 7. Bh4 c6 8. Qc2 Qa5 9. Bd3 Na6 10. Qd2 Be6 11. Nf3 0-0 12. 0-0 Nb8 13. Bxf6 Bxf6 14. Ne4 Qd8 15. Nxf6+ Qxf6 16. b4 Nd7 17. b5 c5 18. dxc5 Nxc5 19. Rfc1 Rfc8 20. Nd4 Bd7 21. a4 Ne6 22. Nb3 g6 23. Be2 d4 24. Nxd4 Nc5 25. Bf3 Rab8 26. a5 h5 27. Rab1 Qe5 28. Rc3 Rd8 29. Rbc1 Ne6 30. Nxe6 Bxe6 31. Qe2 Rd7 32. Rc8+ Rxc8 33. Rxc8+ Kh7 34. Rc1 Qg5 35. g3 Qd8 36. a6 bxa6 37. bxa6 Rd2 38. Qe1 Ra2 39. Ra1 Rc2 40. Bb7 Qf6 41. Rc1 Ra2 42. h4 Bg4 43. Qf1 Bf3 44. Qc4 Bd5 45. Qf4 Ra1 46. Rf1 Rxf1+ 47. Kxf1 Qa1+ 48. Ke2 Qb2+ 1/2-1/2

[Event "Natal Nordeste"]
[Site "Natal"]
[Date "2013.09.02"]
[Round "6"]
[White "Pingas, Blas Mariano"]
[Black "Rodi, Luis Ernesto"]
[Result "1/2-1/2"]
[WhiteElo "2259"]
[BlackElo "2377"]
[PlyCount "21"]
[EventDate "2013.08.28"]
[EventType "tourn"]
[EventRounds "9"]
[EventCountry "BRA"]
[SourceTitle "CBM 156 Extra"]
[Source "ChessBase"]
[SourceDate "2013.10.22"]
[SourceVersion "1"]
[SourceVersionDate "2013.10.22"]
[SourceQuality "1"]

1. Nf3 d5 2. g3 c6 3. Bg2 Nf6 4. 0-0 Bg4 5. d3 e6 6. Nbd2 Nbd7 7. e4 dxe4 8. Nxe4 Nxe4 9. dxe4 Nf6 10. Qe2 Be7 11. Bf4 1/2-1/2

[Event "Natal Nordeste"]
[Site "Natal"]
[Date "2013.08.29"]
[Round "2"]
[White "Zallio, Luciano de Souza"]
[Black "Pingas, Blas Mariano"]
[Result "1/2-1/2"]
[WhiteElo "2120"]
[BlackElo "2259"]
[PlyCount "126"]
[EventDate "2013.08.28"]
[EventType "tourn"]
[EventRounds "9"]
[EventCountry "BRA"]
[SourceTitle "CBM 156 Extra"]
[Source "ChessBase"]
[SourceDate "2013.10.22"]
[SourceVersion "1"]
[SourceVersionDate "2013.10.22"]
[SourceQuality "1"]

1. e4 d5 2. exd5 Qxd5 3. Nc3 Qd6 4. d4 Nf6 5. Nf3 g6 6. Ne5 Bg7 7. Nb5 Qd8 8. Bf4 Na6 9. Bc4 0-0 10. 0-0 c6 11. Nc3 Nc7 12. Qd2 Ncd5 13. Nxd5 cxd5 14. Bd3 Qb6 15. c3 a5 16. a4 Ne8 17. h3 Nd6 18. Rfe1 Bf5 19. Bxf5 Nxf5 20. Nd7 Qd8 21. Nxf8 Kxf8 22. g4 Nd6 23. Bh6 e6 24. Qf4 Kg8 25. Bxg7 Kxg7 26. f3 Ra6 27. b3 Rc6 28. Rec1 b5 29. axb5 Nxb5 30. c4 g5 31. Qe3 Nc7 32. Rxa5 h6 33. Ra7 Qb8 34. Ra3 Qb4 35. Ra4 Qb8 36. c5 f6 37. Qd3 Nb5 38. Kg2 Nd6 39. Rca1 Nf7 40. Ra7 Rc7 41. Rxc7 Qxc7 42. b4 Nh8 43. b5 Ng6 44. b6 Nh4+ 45. Kf1 Qg3 46. Ra7+ Kf8 47. Ra8+ Kg7 48. b7 Nxf3 49. Ke2 Qg2+ 50. Ke3 f5 51. gxf5 exf5 52. Rg8+ Kxg8 53. b8Q+ Kg7 54. Qc7+ Kg6 55. Qd6+ Kh5 56. Qe2 Qg1+ 57. Kd3 Qxd4+ 58. Kc2 Qa4+ 59. Kb1 Qb3+ 60. Kc1 Qc3+ 61. Kd1 Qa1+ 62. Kc2 Qa4+ 63. Kb1 Qb4+ 1/2-1/2

[Event "Recife"]
[Site "Recife"]
[Date "2013.08.19"]
[Round "7"]
[White "Pingas, Blas Mariano"]
[Black "Lebredo Zaragoitia, Gerardo"]
[Result "1/2-1/2"]
[WhiteElo "2259"]
[BlackElo "2209"]
[PlyCount "27"]
[EventDate "2013.08.15"]
[EventType "tourn"]
[EventRounds "9"]
[EventCountry "BRA"]
[EventCategory "1"]
[SourceTitle "CBM 156 Extra"]
[Source "ChessBase"]
[SourceDate "2013.10.22"]
[SourceVersion "1"]
[SourceVersionDate "2013.10.22"]
[SourceQuality "1"]

1. c4 Nf6 2. Nf3 e6 3. d4 Bb4+ 4. Nbd2 b6 5. g3 Bb7 6. Bg2 c5 7. dxc5 Bxc5 8. 0-0 0-0 9. Nb3 Be7 10. Bf4 d6 11. a4 Qc8 12. a5 Rd8 13. axb6 axb6 14. Rxa8 1/2-1/2

[Event "Recife"]
[Site "Recife"]
[Date "2013.08.15"]
[Round "1"]
[White "Bouwman, Marcelo Wanderley"]
[Black "Pingas, Blas Mariano"]
[Result "0-1"]
[WhiteElo "2180"]
[BlackElo "2259"]
[PlyCount "102"]
[EventDate "2013.08.15"]
[EventType "tourn"]
[EventRounds "9"]
[EventCountry "BRA"]
[EventCategory "1"]
[SourceTitle "CBM 156 Extra"]
[Source "ChessBase"]
[SourceDate "2013.10.22"]
[SourceVersion "1"]
[SourceVersionDate "2013.10.22"]
[SourceQuality "1"]

1. e4 c5 2. Nf3 a6 3. d4 cxd4 4. Nxd4 Nf6 5. Nc3 e5 6. Nf3 Bb4 7. Bd2 d6 8. Bd3 0-0 9. 0-0 Nc6 10. a3 Bc5 11. Bg5 Be6 12. Nd5 Bxd5 13. exd5 Nb8 14. b4 Ba7 15. Bf5 h6 16. Bh4 g6 17. Bh3 Kg7 18. g4 Nbd7 19. g5 hxg5 20. Bxg5 Qc7 21. Bg2 Rac8 22. Qd2 Rh8 23. c4 Ne4 24. Qe2 Qxc4 25. Qxc4 Rxc4 26. Rac1 Rhc8 27. Rxc4 Rxc4 28. Nd2 Nxd2 29. Bxd2 f5 30. Rb1 Rc2 31. Rc1 Bxf2+ 32. Kxf2 Rxd2+ 33. Kg1 Kf6 34. Rc7 Ke7 35. Rxb7 Ra2 36. Bf1 Rxa3 37. b5 a5 38. Ra7 Kd8 39. Ra8+ Kc7 40. Rg8 e4 41. Rxg6 Ne5 42. b6+ Kxb6 43. Rxd6+ Kc5 44. Rf6 Ra2 45. Bg2 Ng4 46. Rc6+ Kxd5 47. Rc1 f4 48. h4 f3 49. Bf1 Rh2 50. Bc4+ Ke5 51. Rd1 Rg2+ 0-1

[Event "Joao Pessoa 3rd"]
[Site "Joao Pessoa"]
[Date "2013.08.13"]
[Round "8"]
[White "Pingas, Blas Mariano"]
[Black "Cavalcanti, Francisco de Assis"]
[Result "1/2-1/2"]
[WhiteElo "2259"]
[BlackElo "2289"]
[PlyCount "26"]
[EventDate "2013.08.08"]
[EventType "tourn"]
[EventRounds "9"]
[EventCountry "BRA"]
[EventCategory "1"]
[SourceTitle "CBM 155 Extra"]
[Source "ChessBase"]
[SourceDate "2013.08.26"]
[SourceVersion "1"]
[SourceVersionDate "2013.08.26"]
[SourceQuality "1"]

1. Nf3 d5 2. c4 c6 3. cxd5 cxd5 4. d4 Nf6 5. Nc3 Nc6 6. Bf4 a6 7. e3 Bf5 8. Bd3 Bxd3 9. Qxd3 e6 10. a3 Bd6 11. Bxd6 Qxd6 12. 0-0 0-0 13. Rac1 Rfc8 1/2-1/2

[Event "Joao Pessoa 3rd"]
[Site "Joao Pessoa"]
[Date "2013.08.11"]
[Round "5"]
[White "Oliveira, Renato de Araujo"]
[Black "Pingas, Blas Mariano"]
[Result "0-1"]
[WhiteElo "2127"]
[BlackElo "2259"]
[PlyCount "80"]
[EventDate "2013.08.08"]
[EventType "tourn"]
[EventRounds "9"]
[EventCountry "BRA"]
[EventCategory "1"]
[SourceTitle "CBM 155 Extra"]
[Source "ChessBase"]
[SourceDate "2013.08.26"]
[SourceVersion "1"]
[SourceVersionDate "2013.08.26"]
[SourceQuality "1"]

1. e4 c5 2. c3 d6 3. d4 Nd7 4. Nf3 a6 5. Bd3 e5 6. 0-0 Be7 7. Be3 Ngf6 8. h3 0-0 9. b4 b6 10. bxc5 bxc5 11. Nbd2 Re8 12. d5 h6 13. Rb1 Nh7 14. Nc4 a5 15. Qe2 Ra7 16. g4 Ndf8 17. Rb6 Ng5 18. Kh2 Nxf3+ 19. Qxf3 Ng6 20. Rfb1 Rf8 21. Bc2 Ba6 22. Nxa5 Be2 23. Qxe2 Rxa5 24. a4 Bg5 25. Rc6 Bf4+ 26. Bxf4 Nxf4 27. Qf3 Qe7 28. Rbb6 Rd8 29. Kg3 g6 30. Qd1 Kg7 31. Rb1 h5 32. Qf3 hxg4 33. hxg4 Rh8 34. Rh1 Raa8 35. a5 Rxh1 36. Qxh1 Rh8 37. Qxh8+ Kxh8 38. a6 Kg7 39. Rb6 Qd8 40. a7 Qh8 0-1

[Event "Joao Pessoa op 08"]
[Site "Joao Pessoa"]
[Date "2013.08.04"]
[Round "6"]
[White "Dantas, Francisco"]
[Black "Pingas, Blas Mariano"]
[Result "0-1"]
[WhiteElo "2011"]
[BlackElo "2259"]
[PlyCount "132"]
[EventDate "2013.08.02"]
[EventType "swiss"]
[EventRounds "6"]
[EventCountry "BRA"]
[SourceTitle "EXT 2014"]
[Source "ChessBase"]
[SourceDate "2013.11.20"]
[SourceVersion "1"]
[SourceVersionDate "2013.11.20"]
[SourceQuality "1"]

1. d4 d6 2. Nf3 Bg4 3. e3 Nd7 4. Be2 Ngf6 5. c4 e5 6. Nc3 c6 7. 0-0 Be7 8. Qc2 0-0 9. Rd1 Qc7 10. e4 Rfe8 11. Be3 Bf8 12. dxe5 dxe5 13. Rd2 h6 14. Rad1 Bb4 15. Nh4 Bxe2 16. Rxe2 Bc5 17. Nf5 Bxe3 18. Rxe3 Nf8 19. Rg3 Ng6 20. h4 Nh5 21. Rgd3 Red8 22. g3 Nf6 23. Qe2 Nf8 24. Qf3 Rxd3 25. Rxd3 Rd8 26. Qd1 Rxd3 27. Qxd3 Ne6 28. b4 g6 29. Ne3 a5 30. a3 axb4 31. axb4 Nd4 32. Kg2 Qb6 33. b5 Qc5 34. bxc6 bxc6 35. Nb1 Qb4 36. Nd2 Qb2 37. Nf3 Nxf3 38. Kxf3 Qb8 39. c5 Kg7 40. Qd6 Qxd6 41. cxd6 Nd7 42. Nc4 Kf6 43. Ke3 Ke6 44. f4 f6 45. Kd3 Nc5+ 46. Ke3 h5 47. Kf3 Nb7 48. fxe5 fxe5 49. g4 Nxd6 50. Nd2 Kd7 51. gxh5 gxh5 52. Nb3 Nb5 53. Nc5+ Ke7 54. Nd3 Kd6 55. Ke3 Na3 56. Nc1 Nc2+ 57. Kd3 Nd4 58. Ke3 c5 59. Na2 Nc6 60. Nc3 Nb4 61. Kf3 c4 62. Nd1 Kc5 63. Ne3 Kd4 64. Nf5+ Kd3 65. Ne3 c3 66. Nd1 c2 0-1

[Event "Montevideo-ch"]
[Site "Montevideo"]
[Date "2012.11.29"]
[Round "7"]
[White "Michailov, Matias"]
[Black "Pingas, Blas Mariano"]
[Result "0-1"]
[WhiteElo "2166"]
[BlackElo "2232"]
[PlyCount "92"]
[EventDate "2012.11.24"]
[EventType "swiss"]
[EventRounds "7"]
[EventCountry "URU"]
[SourceTitle "CBM 151 Extra"]
[Source "ChessBase"]
[SourceDate "2012.12.18"]
[SourceVersion "1"]
[SourceVersionDate "2012.12.18"]
[SourceQuality "1"]

1. e4 d5 2. exd5 Qxd5 3. Nc3 Qd6 4. d4 Nf6 5. Nf3 Bg4 6. h3 Bxf3 7. Qxf3 c6 8. Be3 e6 9. 0-0-0 Nbd7 10. a3 Qc7 11. Bc4 Nb6 12. Bb3 0-0-0 13. Ne4 Nxe4 14. Qxe4 Nd5 15. Bg5 Be7 16. Bxe7 Qxe7 17. Rhe1 Qf6 18. c4 Qf4+ 19. Kb1 Qxe4+ 20. Rxe4 Nf6 21. Re5 Rd7 22. Kc2 Rhd8 23. Kc3 Kc7 24. Bc2 g6 25. g4 h5 26. g5 Ng8 27. h4 Ne7 28. Be4 Nc8 29. c5 Ne7 30. f4 a5 31. b3 Ra8 32. Kc2 Ra6 33. Kc3 Ra7 34. Kc2 b6 35. cxb6+ Kxb6 36. Rc5 Rxd4 37. Rxa5 Rxa5 38. Rxd4 Rxa3 39. Rd7 Ra7 40. Rxa7 Kxa7 41. Kc3 c5 42. b4 Kb6 43. Kc4 cxb4 44. Kxb4 Kc7 45. Kc5 Kd7 46. Bd3 Nf5 0-1

[Event "Salvador CBX"]
[Site "Salvador"]
[Date "2012.11.11"]
[Round "6"]
[White "Barata, Adriano Albiani"]
[Black "Pingas, Blas Mariano"]
[Result "0-1"]
[WhiteElo "2199"]
[BlackElo "2232"]
[PlyCount "124"]
[EventDate "2012.11.07"]
[EventType "tourn"]
[EventRounds "9"]
[EventCountry "BRA"]
[EventCategory "1"]
[SourceTitle "EXT 2013"]
[Source "ChessBase"]
[SourceDate "2012.11.22"]
[SourceVersion "1"]
[SourceVersionDate "2012.11.22"]
[SourceQuality "1"]

1. d4 c5 2. d5 e5 3. e4 d6 4. Nf3 a6 5. a4 Nf6 6. Nc3 Be7 7. Be2 Nbd7 8. 0-0 Nf8 9. Nd2 Ng6 10. Nc4 0-0 11. Re1 h6 12. a5 Nh7 13. Bg4 Bxg4 14. Qxg4 Nf6 15. Qe2 Ne8 16. g3 Bg5 17. Nb6 Bxc1 18. Raxc1 Rb8 19. Nb1 Nc7 20. Na3 Na8 21. Nxa8 Rxa8 22. Nc4 Rc8 23. Rcd1 Rc7 24. Qg4 Qd7 25. Qxd7 Rxd7 26. Re3 f5 27. exf5 Rxf5 28. Rb3 Ne7 29. Ne3 Rf8 30. c3 Nc8 31. Rd2 Na7 32. Ra3 Nb5 33. Ra1 Rdf7 34. Re1 g5 35. h3 Kg7 36. Rf1 Rf3 37. Kg2 Kg6 38. Nc2 h5 39. Ne1 R3f7 40. Re2 h4 41. gxh4 gxh4 42. Re4 Rf4 43. f3 Kh5 44. Nd3 Rg8+ 45. Kh2 Rxe4 46. fxe4 Rg3 47. Rf5+ Kg6 48. Nf2 c4 49. Rf8 Re3 50. Rh8 Re2 51. Kg1 Rxb2 52. Rxh4 Nxc3 53. Rh8 Ne2+ 54. Kf1 Nf4 55. Nd1 Rd2 56. Ne3 c3 57. Rc8 Rd3 58. Nf5 Nxd5 59. Nh4+ Kg5 60. Nf3+ Rxf3+ 61. Kg2 Rd3 62. exd5 Rxd5 0-1

[Event "Salvador CBX"]
[Site "Salvador"]
[Date "2012.11.11"]
[Round "7"]
[White "Pingas, Blas Mariano"]
[Black "Zallio, Luciano de Souza"]
[Result "1-0"]
[WhiteElo "2232"]
[BlackElo "2123"]
[PlyCount "89"]
[EventDate "2012.11.07"]
[EventType "tourn"]
[EventRounds "9"]
[EventCountry "BRA"]
[EventCategory "1"]
[SourceTitle "EXT 2013"]
[Source "ChessBase"]
[SourceDate "2012.11.22"]
[SourceVersion "1"]
[SourceVersionDate "2012.11.22"]
[SourceQuality "1"]

1. e4 c5 2. Nf3 d6 3. d4 cxd4 4. Qxd4 Nc6 5. Bb5 Bd7 6. Bxc6 Bxc6 7. c4 Nf6 8. Nc3 g6 9. 0-0 Bg7 10. Qd3 0-0 11. Bd2 Rc8 12. Rac1 a6 13. Nd4 Bd7 14. h3 Re8 15. b3 h6 16. Rfe1 Nh5 17. g4 Nf6 18. Kg2 Qb6 19. Nc2 Kh7 20. f3 Bc6 21. Red1 Nd7 22. Ne3 Nc5 23. Qe2 Qd8 24. Ned5 e6 25. Nb4 Bd7 26. Nd3 Qe7 27. Bf4 e5 28. Nd5 Nxd3 29. Qxd3 Qd8 30. Be3 Be6 31. a4 Bf8 32. Qd2 Rc6 33. b4 Bxd5 34. Qxd5 Qe7 35. b5 axb5 36. cxb5 Rcc8 37. a5 Qd7 38. a6 bxa6 39. bxa6 Ra8 40. Rc6 Reb8 41. Rd2 f5 42. Rdc2 Kh8 43. Rc7 Qe8 44. a7 Rb5 45. Qxa8 1-0

[Event "Salvador CBX"]
[Site "Salvador"]
[Date "2012.11.10"]
[Round "4"]
[White "Rodi, Luis Ernesto"]
[Black "Pingas, Blas Mariano"]
[Result "0-1"]
[WhiteElo "2354"]
[BlackElo "2232"]
[PlyCount "106"]
[EventDate "2012.11.07"]
[EventType "tourn"]
[EventRounds "9"]
[EventCountry "BRA"]
[EventCategory "1"]
[SourceTitle "EXT 2013"]
[Source "ChessBase"]
[SourceDate "2012.11.22"]
[SourceVersion "1"]
[SourceVersionDate "2012.11.22"]
[SourceQuality "1"]

1. d4 d6 2. c4 Nd7 3. Nc3 e5 4. Nf3 Ngf6 5. e4 Be7 6. d5 0-0 7. h3 Nc5 8. Qc2 a5 9. Be3 b6 10. Nd2 Bd7 11. Be2 h6 12. 0-0-0 Nh7 13. g4 Bg5 14. Nf1 Re8 15. Qd2 Bxe3 16. Nxe3 Nf8 17. h4 Ng6 18. Ng2 Qf6 19. f3 Nf4 20. Ne3 g6 21. Rdg1 Kf8 22. Kb1 Ke7 23. Bd1 Rh8 24. Bc2 Kd8 25. Rh2 Kc8 26. Qd1 Kb7 27. Rgh1 h5 28. g5 Qe7 29. Ng2 Nxg2 30. Rxg2 Rhf8 31. Qd2 f5 32. a3 fxe4 33. fxe4 a4 34. Ka2 Rf4 35. Rf2 Raf8 36. Rhf1 Bh3 37. Rxf4 Bxf1 38. Rxf1 Rxf1 39. Nxa4 Na6 40. Nc3 Qf8 41. Ba4 Qf2 42. Bc6+ Kc8 43. Qd3 Qf3 44. Qc2 Nc5 45. Bb5 Qh1 46. b4 Qf3 47. Nd1 Rxd1 48. bxc5 Rf1 49. cxd6 Rf2 50. d7+ Kd8 51. Qxf2 Qxf2+ 52. Kb3 Qxh4 53. c5 Qxe4 0-1

[Event "Salvador CBX"]
[Site "Salvador"]
[Date "2012.11.07"]
[Round "1"]
[White "Reis, Paulo F Jatoba"]
[Black "Pingas, Blas Mariano"]
[Result "1-0"]
[WhiteElo "2424"]
[BlackElo "2232"]
[PlyCount "161"]
[EventDate "2012.11.07"]
[EventType "tourn"]
[EventRounds "9"]
[EventCountry "BRA"]
[EventCategory "1"]
[SourceTitle "EXT 2013"]
[Source "ChessBase"]
[SourceDate "2012.11.22"]
[SourceVersion "1"]
[SourceVersionDate "2012.11.22"]
[SourceQuality "1"]

1. c4 c5 2. g3 Nc6 3. Bg2 g6 4. Nc3 Bg7 5. Nf3 e5 6. 0-0 Nge7 7. a3 0-0 8. Ne1 d6 9. Nc2 Be6 10. Ne3 Qd7 11. Rb1 Bh3 12. Bxh3 Qxh3 13. b4 b6 14. Ned5 Nxd5 15. cxd5 Ne7 16. bxc5 dxc5 17. e4 Nc8 18. d3 Nd6 19. Nb5 Nxb5 20. Rxb5 Rfc8 21. Qb3 Bf6 22. Bb2 Qd7 23. a4 Qd6 24. Bc3 Re8 25. a5 Rab8 26. axb6 axb6 27. Rb1 Bd8 28. Ba5 Qf6 29. Bxb6 Bxb6 30. Rxb6 Rxb6 31. Qxb6 Qf3 32. Qxc5 Qxd3 33. Qb5 Qxb5 34. Rxb5 Ra8 35. Kg2 Ra2 36. g4 h6 37. h4 Rd2 38. g5 hxg5 39. hxg5 Kf8 40. Rb1 Ke7 41. Kg3 Rd4 42. Re1 Kd6 43. f3 Ra4 44. Rb1 Ke7 45. Rb7+ Ke8 46. Rc7 Rb4 47. Kf2 Rb3 48. Ke2 Rb2+ 49. Kd3 Rb1 50. Ra7 Rc1 51. Rb7 Kf8 52. Rb3 Ke8 53. Rc3 Ra1 54. Kc4 Kd7 55. Kc5 Ra8 56. Kb6 Rb8+ 57. Ka7 Rb1 58. Rc6 Rg1 59. Rf6 Ke8 60. Kb7 Rxg5 61. Kc7 Rg1 62. Kd6 Rg5 63. Kc7 Rg1 64. Ra6 Rc1+ 65. Kd6 Rc8 66. Ra7 Kf8 67. Kxe5 Kg7 68. d6 Rc5+ 69. Kd4 Rc1 70. e5 Re1 71. Ra8 g5 72. Kd5 Kg6 73. Rf8 Rd1+ 74. Kc6 Rc1+ 75. Kb7 Rd1 76. Kc7 Rc1+ 77. Kd8 Kf5 78. Ke7 Kxe5 79. d7 Rc7 80. Rxf7 Ra7 81. Rf8 1-0

[Event "San Bernardo ITT"]
[Site "San Bernardo"]
[Date "2005.07.08"]
[Round "5"]
[White "Frenklakh, Valery"]
[Black "Pingas, Blas Mariano"]
[Result "0-1"]
[WhiteElo "2296"]
[BlackElo "2241"]
[PlyCount "86"]
[EventDate "2005.07.04"]
[EventType "tourn"]
[EventRounds "9"]
[EventCountry "ARG"]
[EventCategory "3"]
[SourceTitle "CBM 107 Extra"]
[Source "ChessBase"]
[SourceDate "2005.09.01"]
[SourceVersion "1"]
[SourceVersionDate "2005.09.01"]
[SourceQuality "1"]

1. d4 b5 2. e4 Bb7 3. Nd2 a6 4. Ngf3 e6 5. Bd3 c5 6. dxc5 Bxc5 7. 0-0 Ne7 8. Nb3 Bb6 9. Bf4 d6 10. a4 bxa4 11. Rxa4 e5 12. Bd2 0-0 13. Qe2 h6 14. Na5 Bc8 15. Nc4 Bc7 16. Ne3 Bb7 17. c4 a5 18. Nh4 Nd7 19. Nhf5 Nc5 20. Nxe7+ Qxe7 21. Nf5 Qf6 22. Ra3 Bc8 23. f4 Bxf5 24. fxe5 dxe5 25. Rxf5 Qd6 26. Bc2 Ne6 27. Rg3 Nd4 28. Qg4 Nxf5 29. exf5 Qd4+ 30. Kh1 Qxg4 31. Rxg4 Ra6 32. Kg1 Bb6+ 33. Kf1 Bd4 34. b3 Rb8 35. Ke2 Kf8 36. Re4 f6 37. g4 Bc5 38. h4 Bb4 39. Be3 Rd8 40. g5 hxg5 41. hxg5 Rad6 42. g6 Rd2+ 43. Bxd2 Rxd2+ 0-1

[Event "San Bernardo ITT"]
[Site "San Bernardo"]
[Date "2005.07.07"]
[Round "4"]
[White "Pingas, Blas Mariano"]
[Black "Rodi, Luis Ernesto"]
[Result "1/2-1/2"]
[WhiteElo "2241"]
[BlackElo "2242"]
[PlyCount "159"]
[EventDate "2005.07.04"]
[EventType "tourn"]
[EventRounds "9"]
[EventCountry "ARG"]
[EventCategory "3"]
[SourceTitle "CBM 107 Extra"]
[Source "ChessBase"]
[SourceDate "2005.09.01"]
[SourceVersion "1"]
[SourceVersionDate "2005.09.01"]
[SourceQuality "1"]

1. Nf3 f5 2. c4 Nf6 3. Nc3 g6 4. g3 Bg7 5. Bg2 d6 6. d4 0-0 7. 0-0 Nc6 8. d5 Ne5 9. Nxe5 dxe5 10. e4 f4 11. gxf4 exf4 12. e5 Ng4 13. e6 Ne5 14. Re1 Nxc4 15. Re4 f3 16. Bxf3 Nd6 17. Re1 c6 18. Bg2 Qb6 19. Re2 Nf5 20. Kh1 Qb4 21. Re4 Qc5 22. Re2 Qd4 23. Qe1 Nh4 24. Be4 Nf3 25. Qf1 cxd5 26. Bxd5 Qh4 27. Qg2 Nd4 28. Bg5 Qh5 29. Re3 Bf6 30. f4 Bxg5 31. fxg5 Rf4 32. Rg1 Nf5 33. Re4 Qh4 34. Rxf4 Qxf4 35. Bb3 Ne3 36. Qe4 Qxe4+ 37. Nxe4 b6 38. Re1 Nf5 39. Bd5 Rb8 40. Nf6+ Kg7 41. Nd7 Bxd7 42. exd7 Rd8 43. Be6 Nd4 44. Bg4 Kf7 45. Rf1+ Nf5 46. Bxf5 gxf5 47. Rxf5+ Ke6 48. Rf2 Rxd7 49. Kg2 Rd4 50. Kg3 a5 51. h4 b5 52. a3 b4 53. axb4 axb4 54. h5 Rd1 55. Kf4 Rh1 56. Re2+ Kf7 57. g6+ hxg6 58. hxg6+ Kf6 59. Rg2 Rh4+ 60. Ke3 Kg7 61. Kd3 e5 62. Re2 Rd4+ 63. Kc2 e4 64. Rg2 Rd6 65. Kb3 e3 66. Re2 Re6 67. Kxb4 Kxg6 68. Kc5 Kf5 69. b4 Ke4 70. b5 Kd3 71. Re1 Kd2 72. Rb1 Kc2 73. Re1 e2 74. b6 Kd2 75. Rxe2+ Kxe2 76. b7 Re8 77. Kd6 Kd3 78. Kc7 Re7+ 79. Kc6 Rxb7 80. Kxb7 1/2-1/2